La croce: Lo sviluppo, nell'oreficeria sacra

Spremljeno u:
Bibliografski detalji
Format: Knjiga
Jezik:talijanski
Izdano: Ciudad del Vaticano s.n 1938
Serija:Guida del Museo Sacro, 2
Teme:
Oznake: Dodaj oznaku
Bez oznaka, Budi prvi tko označuje ovaj zapis!

MARC

LEADER 00000nam a2200000 a 4500
001 UCZ7062
003 CL-VaPUC
008 951222e19380000VC |||||||||||||||||ita|d
082 0 4 |a 755  |b CRO  |2 21 
245 1 3 |a La croce: Lo sviluppo, nell'oreficeria sacra 
300 |a 13 p 
942 |c BK 
945 |d 19951222 00:00:00  |a mcarcey 
260 |a Ciudad del Vaticano  |b s.n  |c 1938 
650 0 |a Artes  |9 268202 
650 7 |a ESCULTURA RELIGIOSA  |2 CL-VaPUC  |9 351777 
650 0 |a Arte religioso  |9 330545 
650 7 |a ORFEBRERIA  |2 CL-VaPUC  |9 268783 
583 |a last modification  |c 20130413 08:23:05  |k Rodrigo Vera 
490 0 |a Guida del Museo Sacro, 2 
999 |c 243186  |d 243184 
952 |0 0  |1 0  |4 0  |6 755_000000000000000_CRO_1938  |7 0  |8 A  |9 256661  |a BIBART  |b BIBART  |d 2019-11-19  |i 3142302  |o 755 CRO 1938  |p 3142302  |r 2025-03-13  |w 2019-11-19  |y BK  |k ART